| 000 | 00486ngm a2200193 4500 | ||
|---|---|---|---|
| 005 | 20170515092546.0 | ||
| 006 | a|||||r|||| 00| | | ||
| 008 | 160218b xxu||||| |||| 00| 0 spa d | ||
| 041 | _aspa | ||
| 082 | _a178 DVD | ||
| 245 | _aSonidos del Bosque | ||
| 260 |
_aCosta Rica _bMertec _c2000 |
||
| 300 | _a58 minutos | ||
| 650 |
_aCOSTA RICA _942635 |
||
| 650 |
_aSONIDOS DEL BOSQUE _942625 |
||
| 650 |
_aCONTAMINACIÓN _942636 |
||
| 650 |
_aDEFORESTACIÓN _91072 |
||
| 942 | _cDVD | ||
| 999 |
_c9397 _d9397 |
||